Metallica Discography - Statistics

General Stats
  • This quiz has been taken 116 times
  • The average score is 52 of 147
Answer Stats
Hint Answer % Correct
Master of Puppets Master of Puppets
81%
Ride The Lightning Ride The Lightning
79%
Kill 'Em All Seek & Destroy
79%
...And Justice for All One
78%
Metallica Enter Sandman
77%
...And Justice for All ...And Justice for All
74%
Master of Puppets Battery
74%
Kill 'Em All The Four Horsemen
73%
Master of Puppets Orion
71%
Metallica The Unforgiven
71%
Ride The Lightning For Whom The Bell Tolls
70%
Kill 'Em All Whiplash
70%
St. Anger St. Anger
66%
...And Justice for All Blackened
65%
Metallica Nothing Else Matters
65%
Ride The Lightning Creeping Death
64%
Ride The Lightning Fade To Black
64%
Ride The Lightning The Call Of Ktulu
64%
Reload Fuel
62%
Hardwired...To Self-Destruct Hardwired
62%
Kill 'Em All Hit The Lights
62%
Kill 'Em All Motorbreath
60%
Metallica Sad But True
60%
Master of Puppets Welcome Home (Sanitarium)
59%
Ride The Lightning Fight Fire With Fire
58%
Ride The Lightning Trapped Under Ice
58%
Ride The Lightning Escape
57%
Master of Puppets The Thing That Should Not Be
55%
Reload The Unforgiven II
55%
...And Justice for All Harvester of Sorrow
54%
Kill 'Em All Metal Militia
54%
Death Magnetic The Unforgiven III
54%
...And Justice for All Dyers Eve
53%
Master of Puppets Leper Messiah
53%
Master of Puppets Damage, Inc.
52%
Kill 'Em All Jump In The Fire
52%
...And Justice for All To Live Is to Die
52%
Metallica Wherever I May Roam
51%
Master of Puppets Disposable Heroes
48%
...And Justice for All Eye of the Beholder
48%
Kill 'Em All Phantom Lord
48%
Garage, Inc. Whiskey In The Jar
48%
Metallica Don't Tread On Me
47%
Metallica Holier Than Thou
46%
Metallica The God That Failed
46%
Load King Nothing
45%
Kill 'Em All No Remorse
45%
...And Justice for All The Shortest Straw
45%
Metallica Of Wolf And Man
44%
Kill 'Em All (Anesthesia) Pulling Teeth
43%
Reload The Memory Remains
43%
Metallica My Friend Of Misery
42%
...And Justice for All The Frayed Ends of Sanity
42%
Death Magnetic The Day That Never Comes
40%
Load 2 X 4
38%
Garage, Inc. Am I Evil?
38%
St. Anger Frantic
36%
Death Magnetic Cyanide
35%
Load Mama Said
35%
St. Anger Some Kind Of Monster
35%
Load Until It Sleeps
35%
Metallica Through The Never
34%
Load Ain't My Bitch
33%
Hardwired...To Self-Destruct Atlas, Rise!
33%
Garage, Inc. Die, Die My Darling
33%
Garage, Inc. Turn The Page
33%
Death Magnetic All Nightmare Long
32%
Hardwired...To Self-Destruct Moth Into Flame
32%
Garage, Inc. Stone Cold Crazy
31%
St. Anger Sweet Amber
29%
Metallica The Struggle Within
29%
Garage, Inc. Last Caress / Green Hall
27%
Hardwired...To Self-Destruct Spit Out the Bone
27%
Load Bleeding Me
26%
Reload Devil's Dance
26%
Load Hero Of The Day
26%
St. Anger Invisible Kid
26%
Death Magnetic My Apocalypse
26%
Load The Outlaw Torn
26%
Reload Carpe Diem Baby
25%
Load Cure
25%
St. Anger Dirty Window
25%
Reload Fixxxer
25%
Garage, Inc. So What
25%
Garage, Inc. The Prince
25%
Garage, Inc. Tuesday's Gone
25%
Garage, Inc. Blitzkrieg
24%
Death Magnetic Broken, Beat & Scarred
24%
Load Ronnie
24%
Reload Bad Seed
23%
Load Poor Twisted Me
23%
St. Anger Purify
23%
Load The House Jack Built
23%
Death Magnetic The Judas Kiss
23%
St. Anger All Within My Hands
22%
Garage, Inc. Breadfan
22%
Reload Prince Charming
22%
Garage, Inc. Sabbra Cadabra
22%
Death Magnetic Suicide & Redemption
22%
Death Magnetic That Was Just Your Life
22%
Death Magnetic The End Of The Line
22%
St. Anger The Unnamed Feeling
22%
Reload Where The Wild Things Are
22%
Reload Attitude
21%
Garage, Inc. Free Speech For The Dumb
21%
Reload Low Man's Lyric
21%
Hardwired...To Self-Destruct ManUNkind
21%
Garage, Inc. Mercyful Fate
21%
Reload Slither
21%
Load Wasting My Hate
21%
Hardwired...To Self-Destruct Halo On Fire
20%
Hardwired...To Self-Destruct Now That We're Dead
20%
Garage, Inc. Overkill
20%
St. Anger Shoot Me Again
20%
Garage, Inc. The Wait
20%
Load Thorn Within
20%
Hardwired...To Self-Destruct Am I Savage?
19%
Garage, Inc. Astronomy
19%
Reload Better Than You
19%
Garage, Inc. Helpless
19%
Garage, Inc. It's Electric
19%
Garage, Inc. Loverman
19%
St. Anger My World
19%
Hardwired...To Self-Destruct Confusion
18%
Hardwired...To Self-Destruct Lords of Summer
18%
Hardwired...To Self-Destruct Murder One
18%
Hardwired...To Self-Destruct Here Comes Revenge
16%
Garage, Inc. The Small Hours
15%
Lulu The View
15%
Garage, Inc. Crash Course In Brain Surgery
14%
Garage, Inc. Damage Case
14%
Hardwired...To Self-Destruct Dream No More
14%
Garage, Inc. Stone Dead Forever
13%
Hardwired...To Self-Destruct When a Blind Man Cries
13%
Garage, Inc. The More I See
12%
Garage, Inc. Too Late Too Late
12%
Lulu Brandenburg Gate
11%
Garage, Inc. Killing Time
11%
Lulu Dragon
10%
Lulu Junior Dad
10%
Lulu Iced Honey
9%
Lulu Little Dog
9%
Lulu Mistress Dread
9%
Lulu Pumping Blood
9%
Hardwired...To Self-Destruct Remember Tomorrow
9%
Lulu Cheat On Me
7%
Lulu Frustration
7%
No matching quizzes found
Score Distribution
Percent of People with Each Score
Percentile by Number Answered
Your Score History
You have not taken this quiz